Gibraltar Darts Trophy - Statistiken

Allgemein
  • Dieses Quiz wurde 138 mal gespielt
    118 seit der letzten Aktualisierung
  • Das Durchschnittsergebnis liegt bei 8 aus 9
Antwortstatistiken
Jahr Nationalität Sieger % Korrekt
2021 Wales Gerwyn Price
99%
2015 Niederlande Michael van Gerwen
99%
2016 Niederlande Michael van Gerwen
99%
2018 Niederlande Michael van Gerwen
99%
2022 Australien Damon Heta
98%
2013 England Phil Taylor
94%
2019 Polen Krzysztof Ratajski
93%
2014 England James Wade
77%
2017 England Michael Smith
73%
Keine übereinstimmenden Quizze gefunden
Verteilung der Resultate
Anzahl Personen mit jedem Resultat
Perzentil nach korrekt beantworteten Fragen
Ihre Resultats-Entwicklung
Sie haben dieses Quiz seit der letzten Aktualisierung nicht gespielt